000 00316nam a2200133Ia 4500
008 150301s2015 xx 000 0 und d
082 _a615.1
_bA12V
100 _aS.P VYAS
245 _aADVANCE IN PHARMACEUTICAL BIOTECHNOLOGY
260 _bCBS- DELHI
300 _a801
650 _aPHARMACEUTICS
942 _2ddc
_cBK
999 _c7155
_d7155